Incertidumbre y riesgos en decisiones financieras

Bibliographic Details
Main Author: Bautista Mena, Rafael
Format: eBook
Language:Spanish
Published: Bogot ̀: ECOE, 2013
Subjects:
Online Access:http://www.vlex.com/source/7672

MARC

LEADER 00000nam a22000007a 4500
005 20130327123904.0
007 cr|||| ||||
008 130327e2013 ck |||||s|||| 00||0 spa d
020 |a 978-958-648-801-3 
035 |a 7672 
040 |a vLex 
090 |c 4050  |d 4050 
100 1 0 |a Bautista Mena, Rafael  
245 1 0 |a Incertidumbre y riesgos en decisiones financieras  |c / Rafael Bautista Mena   |h [Recurso electrn̤ico] 
256 |a Servicio en ln̕ea 
260 |a Bogot ̀:  |b ECOE,   |c 2013  
300 |a 1 Recurso electrn̤ico 
506 |d vLex Global  |d vLex Global (Academic Edition, excluding Law Schools)  |d vLex Global (U.S. Academic Edition, Law Schools)  |d vLex Global (U.S. Academic Edition, excluding Law Schools)  |d vLex Global (Academic Edition, Law Schools) 
650 0 4 |a Administracin̤ (Management) 
650 0 4 |a Finanzas 
740 |a vLex Libros (Servicio en ln̕ea) 
856 |a Acceso restringido  |u http://www.vlex.com/source/7672 
942 |c BOOK 
999 0 |a Management